Statistics for People by Picture - B

Click here to take the quiz!

General Stats

  • This quiz has been taken 124 times
  • The average score is 12 of 18

Answer Stats

Answer % Correct
Barack Obama
100%
Bill Clinton
95%
Beyoncé
92%
Brad Pitt
88%
Britney Spears
88%
Bruno Mars
82%
Ben Stiller
81%
Bob Marley
75%
Benedict Cumberbatch
74%
Benjamin Franklin
71%
Betty White
62%
Buzz Aldrin
59%
Benito Mussolini
56%
Billie Jean King
49%
Billy Ray Cyrus
44%
Blake Lively
37%
Billie Piper
21%
Blaise Pascal
6%

Score Distribution

Percentile by Number Answered

Percent of People with Each Score

Your Score History

You have not taken this quiz